00513nam a22001697a 450000500170000001000130001702000100003003500130004003700140005308200080006710000260007524500760010124600550017726000440023227000470027630000200032320200220132135.0 aA-304079 c52.00 aA-304079 bBPPD/Pub. a181 aہاسپرس، جان aفلسفیا نہ تجزیہ : ایک تعارف /cجان ہاسپرس aFalsafiyana Tajziyah: Ek Taarif /bby John Hospers aNew DelhibTaraqqi Urdu Bureauc1986 ء aWest Block 8, R.K.PurambNew Delhie110066 a607p.c21cm(Hb)